Pays avec le plus grand nombre de décès liés à l'alcool - Statistiques

Statistiques générales
  • Ce quiz a été pris 47 fois
  • Le résultat moyen est 4 sur 7
Statistiques - réponses
Hint Réponse % Correct
96/100k Russie
100%
85/100k Biélorussie
61%
65/100k Ukraine
59%
68/100k Lettonie
54%
78/100k Lituanie
54%
55/100k Roumanie
54%
72/100k Moldavie
48%
Aucun quiz correspondant
Distribution des résultats
% des personnes avec chaque résultat
Percentile par nombre de réponses
Votre historique - résultats
Vous n’avez pas pris ce quiz